Mir Taqi Mir (Record no. 1845366)
[ view plain ]
| 000 -LEADER | |
|---|---|
| fixed length control field | 00632nam a2200301Ia 4500 |
| 005 - DATE AND TIME OF LATEST TRANSACTION | |
| control field | 20260401122150.0 |
| 008 - FIXED-LENGTH DATA ELEMENTS--GENERAL INFORMATION | |
| fixed length control field | 008 250103s9999 xx 000 0 eng d |
| 020 ## - INTERNATIONAL STANDARD BOOK NUMBER | |
| International Standard Book Number | 8126001860 |
| 037 ## - SOURCE OF ACQUISITION | |
| Stock number | TB |
| 040 ## - CATALOGING SOURCE | |
| Original cataloging agency | EDL |
| 040 ## - CATALOGING SOURCE | |
| Language of cataloging | eng |
| 040 ## - CATALOGING SOURCE | |
| Transcribing agency | EDL |
| 041 ## - LANGUAGE CODE | |
| Source of code | eng |
| 041 ## - LANGUAGE CODE | |
| Language code of text/sound track or separate title | eng |
| 084 ## - COLON CLASSIFICATION NUMBER | |
| Classification number | 891.439 ISH |
| 084 ## - COLON CLASSIFICATION NUMBER | |
| Assigning agency | EDL |
| 100 ## - MAIN ENTRY--PERSONAL NAME | |
| Personal name | Ish Kumar |
| 9 (RLIN) | 62568 |
| 245 #0 - TITLE STATEMENT | |
| Title | Mir Taqi Mir |
| 245 #0 - TITLE STATEMENT | |
| Statement of responsibility, etc. | Ish Kumar |
| 260 ## - PUBLICATION, DISTRIBUTION, ETC. | |
| Place of publication, distribution, etc. | New Delhi |
| 260 ## - PUBLICATION, DISTRIBUTION, ETC. | |
| Name of publisher, distributor, etc. | Sahitya Akademi |
| 260 ## - PUBLICATION, DISTRIBUTION, ETC. | |
| Date of publication, distribution, etc. | 1996 |
| 300 ## - PHYSICAL DESCRIPTION | |
| Extent | 100p |
| 942 ## - ADDED ENTRY ELEMENTS (KOHA) | |
| Koha item type | Textbook |
| 942 ## - ADDED ENTRY ELEMENTS (KOHA) | |
| Classification part | 891.439 ISH |
| Withdrawn status | Lost status | Damaged status | Not for loan | Home library | Current library | Date acquired | Total Checkouts | Full call number | Barcode | Date last seen | Price effective from | Koha item type |
|---|---|---|---|---|---|---|---|---|---|---|---|---|
| Department of English Library | Department of English Library | 2026-04-01 | 891.439 ISH | EL2150593 | 2026-04-01 | 2026-04-01 | Textbook |
